Quick Pick: Famous Paintings Quiz Stats

 Plays Quiz Updated Apr 29, 2016

Challenge
Share
Tweet
Embed
Score 0/14 Timer 01:30
3 Plays Today
% Correct
Leonardo da Vinci
85.9%
Michelangelo
76.6%
Claude Monet
74.5%
Grant Wood
72.3%
Vincent van Gogh
71.1%
Pablo Picasso
70.8%
Jackson Pollock
67%
% Correct
Sandro Botticelli
65.1%
Johannes Vermeer
61.2%
Gustav Klimt
53.5%
Rembrandt
49.5%
Eugène Delacroix
47.5%
Pierre-Auguste Renoir
45.5%
René Magritte
33.3%

Today's Daily Dose

Missing Word
Entertainment 'M'

Word Ladder
North Carolina

On This Day
January 16th II

You're not logged in!

Compare scores with friends on all Sporcle quizzes.
OR
Log In

You Might Also Like...

Show Comments

Extras

Top Quizzes Today


Score Distribution

Your Account Isn't Verified!

In order to create a playlist on Sporcle, you need to verify the email address you used during registration. Go to your Sporcle Settings to finish the process.

Report this User

Report this user for behavior that violates our Community Guidelines.

Details: